Normal view
MARC view
- Firoze, Fawzia Karim
Entry Personal Name
001 - CONTROL NUMBER
- control field: 5631
003 - CONTROL NUMBER IDENTIFIER
- control field: OSt
005 - DATE AND TIME OF LATEST TRANSACTION
- control field: 20240102054817.0
008 - FIXED-LENGTH DATA ELEMENTS
- fixed length control field: 240102|| aca||aabn | a|a d
040 ## - CATALOGING SOURCE
- Original cataloging agency: OSt
100 ## - HEADING--PERSONAL NAME
- Personal name: Firoze, Fawzia Karim
